[Event "Marcio Eliseo de Freitas Cup"]
[Site "Rio de Janeiro"]
[Date "2015.12.16"]
[Round "3"]
[White "Jacome, Fernando Almeida"]
[Black "Cunha, Eduardo Arruda da G"]
[Result "0-1"]
[WhiteElo "2109"]
[BlackElo "2402"]
[PlyCount "30"]
[EventDate "2015.12.15"]
[EventType "swiss"]
[EventRounds "7"]
[EventCountry "BRA"]
[SourceTitle "EXT 2018"]
[Source "ChessBase"]
[SourceDate "2017.10.13"]
[SourceVersion "1"]
[SourceVersionDate "2017.10.13"]
[SourceQuality "1"]

1. e4 e5 2. Nf3 d6 3. d4 Nd7 4. Bc4 exd4 5. Nxd4 Ngf6 6. 0-0 Ne5 7. Bb3 Be7 8. Nc3 0-0 9. f4 Ned7 10. Be3 Nc5 11. Qf3 Re8 12. e5 Nxb3 13. axb3 dxe5 14. fxe5 Bc5 15. exf6 Rxe3 0-1

[Event "Rudolf Spielmann Memorial"]
[Site "Rio de Janeiro"]
[Date "2015.01.27"]
[Round "1"]
[White "Jacome, Fernando Almeida"]
[Black "Borensztajn, David"]
[Result "0-1"]
[WhiteElo "2092"]
[BlackElo "1972"]
[PlyCount "125"]
[EventDate "2015.01.27"]
[EventType "swiss"]
[EventRounds "7"]
[EventCountry "BRA"]
[SourceTitle "EXT 2016"]
[Source "ChessBase"]
[SourceDate "2015.10.08"]
[SourceVersion "1"]
[SourceVersionDate "2015.10.08"]
[SourceQuality "1"]

1. e4 c5 2. Nf3 d6 3. c3 Nf6 4. Be2 Nc6 5. d4 cxd4 6. cxd4 e6 7. Nc3 Be7 8. 0-0 0-0 9. Bg5 a6 10. Rc1 d5 11. e5 Nd7 12. Bxe7 Qxe7 13. Bd3 f6 14. exf6 Qxf6 15. Bb1 Qh6 16. Re1 Nb6 17. Qd3 Bd7 18. h4 Rae8 19. b3 g6 20. Ng5 Qxh4 21. Nf3 Qf6 22. Qd2 Re7 23. a4 Nc8 24. Qe3 Ref7 25. Rf1 Qg7 26. Ne2 Nd6 27. Ne5 Nxe5 28. dxe5 Nf5 29. Bxf5 Rxf5 30. f4 g5 31. Ng3 Rxf4 32. Nh5 Rxf1+ 33. Rxf1 Rxf1+ 34. Kxf1 Qf7+ 35. Nf6+ Kh8 36. Qxg5 Bc6 37. Qg4 b5 38. a5 Bb7 39. Qb4 Kg7 40. Qg4+ Qg6 41. Qxe6 Qd3+ 42. Kf2 Qd2+ 43. Kg3 Qe1+ 44. Kh2 Qh4+ 45. Qh3 Qf4+ 46. Qg3+ Qxg3+ 47. Kxg3 d4 48. Kf2 Bc6 49. g4 Kf7 50. Ke2 Ke6 51. Nxh7 Kxe5 52. g5 b4 53. Nf8 Bd5 54. Nd7+ Kd6 55. Nf6 Bxb3 56. g6 Bc4+ 57. Kd1 Ke5 58. Nd7+ Ke6 59. Nc5+ Kf6 60. g7 Kxg7 61. Nd7 Bb5 62. Ne5 Kf6 63. Nf3 0-1

[Event "Rio de Janeiro Vaz Memorial 1st"]
[Site "Rio de Janeiro"]
[Date "2014.12.11"]
[Round "1"]
[White "Sales, Jose Correa"]
[Black "Jacome, Fernando Almeida"]
[Result "1-0"]
[WhiteElo "2288"]
[BlackElo "2079"]
[PlyCount "45"]
[EventDate "2014.12.11"]
[EventType "swiss"]
[EventRounds "7"]
[EventCountry "BRA"]
[SourceTitle "EXT 2018"]
[Source "ChessBase"]
[SourceDate "2017.10.13"]
[SourceVersion "1"]
[SourceVersionDate "2017.10.13"]
[SourceQuality "1"]

1. e4 e5 2. Nf3 Nc6 3. Bc4 Bc5 4. 0-0 Nf6 5. b4 Bxb4 6. c3 Ba5 7. d4 Nxe4 8. dxe5 0-0 9. Qc2 d5 10. exd6 Nxd6 11. Bd3 g6 12. Bg5 f6 13. Bh6 Rf7 14. Nbd2 Be6 15. Rfe1 Bd5 16. Rab1 Qc8 17. Ne4 Nxe4 18. Bxe4 Bxe4 19. Rxe4 f5 20. Re2 Rf6 21. Qb3+ Kh8 22. c4 b6 23. Qb2 1-0